An Investigation Into the Use of Metadiscourse in Undergraduates’ Abstracts in Social Sciences

Existuje len veľmi málo výskumov o použití metadiskurzných markerov v abstraktoch naprieč rôznymi disciplínami vo výskume vysokoškolákov ako začínajúcich výskumníkov a celkovo sa na túto tému urobilo málo kvalitatívneho výskumu v kontexte úrovní EFL a ESL. Účelom tejto štúdie je teda preskúmať použi...

Descrizione completa

Salvato in:
Dettagli Bibliografici
Autore principale: Ruonan, Lin
Altri autori: Al-Shaibani, Ghayth K. Shaker
Natura: Capitolo di libro
Lingua:inglese
Soggetti:
Tags: Aggiungi Tag
Nessun Tag, puoi essere il primo ad aggiungerne!!

MARC

LEADER 00000naa a2200000 4500
001 0290964
005 20230208083254.8
041 0 |a eng 
044 |a PL 
245 1 0 |a An Investigation Into the Use of Metadiscourse in Undergraduates’ Abstracts in Social Sciences  |c Lin Ruonan, Ghayth K. Shaker Al-Shaibani 
520 |a Existuje len veľmi málo výskumov o použití metadiskurzných markerov v abstraktoch naprieč rôznymi disciplínami vo výskume vysokoškolákov ako začínajúcich výskumníkov a celkovo sa na túto tému urobilo málo kvalitatívneho výskumu v kontexte úrovní EFL a ESL. Účelom tejto štúdie je teda preskúmať použitie metadiskurzných markerov v abstraktoch študentov EFL a ESL v spoločenských vedách v troch disciplínach (anglický jazyk a komunikácia, masová komunikácia a psychológia) na Fakulte sociálnych vied a slobodných umení na UCSI University - malajzijská súkromná univerzita. 
610 2 0 |a jazyky cudzie 
610 2 0 |a komunikácia 
610 2 0 |a študenti 
610 2 0 |a univerzity 
610 2 0 |a výskum 
100 1 |a Ruonan, Lin 
700 1 |a Al-Shaibani, Ghayth K. Shaker